01402 a2200193 45000010006000000050017000060080041000230030015000640400040000790800057001192450040001760200018002162640037002343000019002715050847002901000031011377000018011687000022011863649420260407155639.0260407a1984 arg spa dAR-UNSa-BCEJYS aAR-UNSa-BCEJYSbspacAR-UNSa-BCEJYS a658.5xPlanificación y control de la producción 10aAdministración de la producción a968-25-0952-1 1aMéxico :bInteramericanac1984 a404 p.c25 cm. aI: Introducción : 1. ¿ Qué es la producción? - 2. Métodos de análisis - II: El enfoque sistémico: 3. Nociones básicas - 4. El sistema de empresa - III: Concepción del sistema de producción : 5. Producto, procedimiento y capacidad - 6. La localización - 7. Arreglo de las instalaciones y manutención - IV: La administración de operaciones: 8. Las previsiones - 9. Elementos de administración de inventarios - 10. La planificación global - 11. Planificación de un sistema de producción en serie - 12. Planificación de un sistema de producción intermitente - 13. Planificación de un sistema de producción por unidad - 14. Administración del abastecimiento - 15. Elementos de administración de la calidad - 16. Control de calidad - 17. Administración del mantenimiento y la seguridad en el trabajo.1 aGómez Mont Araiza, Jaime1 aTawfil, Louis1 aChauvel, Alain M.